000
00297nam a22001337a 4500
008
170607b xxu||||| |||| 00| 0 eng d
020
_a
9780205642496
041
_a
eng
080
_2
8 ED
_a
327
100
_a
18
101
_a
SHH
245
_a
THE OTHER WORLD
_c
WEATHERBY.J.V
942
_2
udc
_c
BK
999
_c
16313
_d
16313